Governance Procedures and Processes (Record no. 121394)

MARC details
000 -LEADER
fixed length control field 00642cam a22001575a 4500
001 - CONTROL NUMBER
control field 121394
008 - FIXED-LENGTH DATA ELEMENTS--GENERAL INFORMATION
fixed length control field 230313s2023 xxk fo 001 0 eng d
041 0# - LANGUAGE CODE
Language code of text/sound track or separate title eng
110 2# - MAIN ENTRY--CORPORATE NAME
Corporate author Royal Institution of Chartered Surveyors
245 00 - TITLE STATEMENT
Title Governance Procedures and Processes
Subtitle (made as Standing Orders) as approved by Governing Council
Medium [old edition]
260 ## - PUBLICATION INFORMATION
Place of publication London,
Publisher RICS,
Date January 2023
300 ## - PHYSICAL DESCRIPTION
Physical description 12p
651 #4 - SUBJECT ADDED ENTRY--GEOGRAPHIC NAME
Geographic name International
856 41 - ONLINE RESOURCE
Uniform Resource Identifier <a href="https://www.rics.org/profession-standards/knowledge-and-information-services/document-delivery-and-other-kis-fees">https://www.rics.org/profession-standards/knowledge-and-information-services/document-delivery-and-other-kis-fees</a>
Public note email [email protected] for a copy of this archived item
942 ## - ADDED ENTRY ELEMENTS (KOHA)
Suppress in OPAC Do not suppress in OPAC
Holdings
Lost status Source of classification or shelving scheme Damaged status Not for loan Home library Current library Shelving location Date acquired Total Checkouts Full call number Date last seen Price effective from Koha item type Public note
  Dewey Decimal Classification     Virtual Virtual Online 13/03/2023   SCAN 29/08/2024 13/03/2023 Online material This item has been archived. Please contact [email protected] to request a digital copy